Loading...
| History - World | 0 | 5 | 0 | 2 | 50 | 52 | 77.60 | 1 | 1 | 11.96 | 20.45 |
| History - Other | 0 | 4 | 0 | 0 | 40 | 60 | 89.50 | 0 | 1 | 7.43 | 17.63 |
| Current Events | 0 | 4 | 0 | 1 | 40 | 56 | 79.50 | 0 | 1 | 21.44 | 41.44 |
| Fine Arts - Classical Music | 0 | 3 | 0 | 3 | 30 | 116 | 121.00 | 0 | 0 | 0.30 | 3.79 |
| Geography | 0 | 3 | 0 | 0 | 30 | 78 | 89.00 | 0 | 0 | 7.50 | 17.86 |
| History - American | 0 | 3 | 0 | 0 | 30 | 60 | 76.33 | 0 | 0 | 8.44 | 9.65 |
| Religion | 0 | 3 | 1 | 1 | 25 | 76 | 91.33 | 0 | 0 | 4.50 | 9.34 |
| Literature - World | 0 | 2 | 0 | 0 | 20 | 113 | 113.00 | 0 | 1 | 0.00 | 2.27 |
| Science - Other | 0 | 2 | 0 | 0 | 20 | 19 | 21.00 | 1 | 2 | 14.55 | 16.60 |
| Science - Chemistry | 0 | 2 | 0 | 0 | 20 | 68 | 84.00 | 0 | 0 | 3.17 | 11.36 |
| Philosophy | 0 | 2 | 0 | 2 | 20 | 101 | 101.50 | 0 | 0 | 0.00 | 2.95 |
| Science - Biology | 0 | 2 | 0 | 0 | 20 | 54 | 67.00 | 0 | 0 | 6.35 | 7.58 |
| History - European | 0 | 2 | 1 | 1 | 15 | 65 | 87.50 | 0 | 0 | 3.46 | 4.80 |
| Fine Arts - Other | 0 | 2 | 1 | 1 | 15 | 85 | 99.50 | 0 | 0 | 2.60 | 6.06 |
| Literature - American | 0 | 1 | 0 | 0 | 10 | 88 | 88.00 | 0 | 0 | 1.95 | 3.03 |
| Fine Arts - Painting and Sculpture | 0 | 1 | 0 | 0 | 10 | 78 | 78.00 | 0 | 0 | 3.08 | 5.05 |
| Mythology | 0 | 1 | 0 | 1 | 10 | 109 | 109.00 | 0 | 0 | 0.00 | 0.76 |
| Social Science | 0 | 1 | 1 | 0 | 5 | 85 | 85.00 | 0 | 0 | 3.25 | 7.94 |